000
00288nam a22001217a 4500
008
181003b xxu||||| |||| 00| 0 eng d
041
_a
eng
080
_a
321
100
_a
20
101
_a
POL
245
_a
Voice In the Mountains The Incredible Story
_c
Kelly.. L.C
942
_2
udc
_c
BK
999
_c
48789
_d
48789